Znakomtes: Kompjuter

Gespeichert in:
Bibliographische Detailangaben
Format: Buch
Veröffentlicht: Moskva : Mir, 1989
Tags: Tag hinzufügen
Keine Tags, Fügen Sie das erste Tag hinzu!

MARC

LEADER 00000nam a22000003a 4500
001 stu48812
005 20141122034315.6
008 ------s1989----xxr---------------------d
040 |a STU  |b slo 
041 0
044 |a xxr 
080 |a 681.3 
245 |a Znakomtes: Kompjuter 
260 |a Moskva :  |b Mir,  |c 1989 
300 |a 238 s 
996 |b J84431  |c J*84431/K 3  |l JJK3  |s P  |a 0  |w stu48812_0001